[Event "EU-ch U16 Girls 26th"]
[Site "Prague"]
[Date "2016.08.27"]
[Round "9"]
[White "Markova, Ralitca"]
[Black "Nilssen, Ellen Fredericia"]
[Result "1/2-1/2"]
[WhiteElo "1581"]
[BlackElo "1947"]
[PlyCount "101"]
[EventDate "2016.08.18"]
[EventType "swiss"]
[EventRounds "9"]
[EventCountry "CZE"]
[SourceTitle "CBM 174 Extra"]
[Source "ChessBase"]
[SourceDate "2016.10.10"]
[SourceVersion "1"]
[SourceVersionDate "2016.10.10"]
[SourceQuality "1"]

1. e4 e6 2. d4 d5 3. exd5 exd5 4. Bd3 Bd6 5. Qe2+ Ne7 6. Nf3 Bg4 7. Be3 c6 8. Nbd2 Qc7 9. c4 dxc4 10. Bxc4 0-0 11. h3 Bxf3 12. Qxf3 Nd7 13. 0-0 Nb6 14. Bb3 Rad8 15. Ne4 Ned5 16. Bg5 Be7 17. Bxe7 Qxe7 18. Nc3 Rfe8 19. Rfe1 Qf8 20. Re5 Nxc3 21. Rxe8 Qxe8 22. bxc3 Qe7 23. Rd1 Rd7 24. c4 a5 25. Qd3 g6 26. d5 Qc5 27. a4 Qb4 28. Qc2 Qc5 29. dxc6 Qxc6 30. Rxd7 Qxd7 31. Qe4 Nxa4 32. Bxa4 Qxa4 33. Qxb7 Qa1+ 34. Kh2 Qe5+ 35. g3 Qc5 36. Kg2 Qxc4 37. Qa8+ Kg7 38. Qxa5 Qe4+ 39. Kg1 Qe6 40. Kg2 h5 41. Qc3+ Qf6 42. Qxf6+ Kxf6 43. Kf3 g5 44. g4 hxg4+ 45. Kxg4 Kg6 46. f4 f5+ 47. Kg3 Kh5 48. fxg5 Kxg5 49. h4+ Kh5 50. Kf4 Kxh4 51. Kxf5 1/2-1/2

[Event "EU-ch U16 Girls 26th"]
[Site "Prague"]
[Date "2016.08.26"]
[Round "8"]
[White "Ciocan, Maria Alexandra"]
[Black "Markova, Ralitca"]
[Result "1-0"]
[WhiteElo "1742"]
[BlackElo "1581"]
[PlyCount "109"]
[EventDate "2016.08.18"]
[EventType "swiss"]
[EventRounds "9"]
[EventCountry "CZE"]
[SourceTitle "CBM 174 Extra"]
[Source "ChessBase"]
[SourceDate "2016.10.10"]
[SourceVersion "1"]
[SourceVersionDate "2016.10.10"]
[SourceQuality "1"]

1. e4 c5 2. Nc3 Nc6 3. Bb5 g6 4. Bxc6 bxc6 5. f4 e6 6. Nf3 Bg7 7. e5 d5 8. exd6 Qxd6 9. d3 Nf6 10. 0-0 0-0 11. Ne5 Nd7 12. Nc4 Qc7 13. Be3 f5 14. Qe2 Ba6 15. Nd2 Bxc3 16. bxc3 e5 17. fxe5 Qxe5 18. Qf3 Qd5 19. c4 Qxf3 20. Rxf3 Rfe8 21. Nb3 Re5 22. Kf2 Rae8 23. Re1 Bc8 24. h3 Ba6 25. Bd2 Rxe1 26. Bxe1 Kf7 27. Bc3 Bc8 28. Na5 Nb8 29. Bd2 Na6 30. a3 Bd7 31. Bf4 Kf6 32. Nb3 Re6 33. h4 Kg7 34. Re3 Kf7 35. h5 gxh5 36. Rh3 Kg6 37. Rg3+ Kf6 38. Rg8 Re8 39. Rg5 Rb8 40. Rxh5 Rh8 41. Bd6 Kg6 42. Rh1 h5 43. Bxc5 Nxc5 44. Nxc5 Bc8 45. Rb1 Re8 46. Rb8 Kg5 47. Ra8 Kh4 48. Rxa7 f4 49. Rf7 Bg4 50. Ne4 Ra8 51. Rxf4 Rxa3 52. Kg1 Ra2 53. Rf2 Bd1 54. Nc3 Rxc2 55. Nxd1 1-0

[Event "EU-ch U16 Girls 26th"]
[Site "Prague"]
[Date "2016.08.21"]
[Round "4"]
[White "Pellicoro, Nathalie"]
[Black "Markova, Ralitca"]
[Result "0-1"]
[WhiteElo "1832"]
[BlackElo "1581"]
[PlyCount "40"]
[EventDate "2016.08.18"]
[EventType "swiss"]
[EventRounds "9"]
[EventCountry "CZE"]
[SourceTitle "CBM 174 Extra"]
[Source "ChessBase"]
[SourceDate "2016.10.10"]
[SourceVersion "1"]
[SourceVersionDate "2016.10.10"]
[SourceQuality "1"]

1. e4 c5 2. Nc3 Nc6 3. f4 d6 4. Nf3 g6 5. Bb5 Bd7 6. Bc4 Bg7 7. 0-0 e5 8. fxe5 dxe5 9. Bxf7+ Kxf7 10. Nxe5+ Ke8 11. Nf7 Bd4+ 12. Kh1 Qh4 13. Qf3 Bg4 14. Nd6+ Kd7 15. Qf7+ Nge7 16. g3 Qh5 17. Qf4 Rhf8 18. Nf7 Ne5 19. Nd5 Bf3+ 20. Qxf3 Nxf3 0-1

[Event "EU-ch U16 Girls 26th"]
[Site "Prague"]
[Date "2016.08.19"]
[Round "2"]
[White "Nass, Sara"]
[Black "Markova, Ralitca"]
[Result "1-0"]
[WhiteElo "1814"]
[BlackElo "1581"]
[PlyCount "65"]
[EventDate "2016.08.18"]
[EventType "swiss"]
[EventRounds "9"]
[EventCountry "CZE"]
[SourceTitle "CBM 174 Extra"]
[Source "ChessBase"]
[SourceDate "2016.10.10"]
[SourceVersion "1"]
[SourceVersionDate "2016.10.10"]
[SourceQuality "1"]

1. e4 c5 2. Nf3 d6 3. d4 cxd4 4. Nxd4 Nf6 5. Nc3 g6 6. Be3 Bg7 7. f3 0-0 8. Qd2 Nc6 9. Bc4 Bd7 10. 0-0-0 Rc8 11. Bb3 Ne5 12. Kb1 Nc4 13. Bxc4 Rxc4 14. h4 h5 15. g4 hxg4 16. h5 Nxh5 17. fxg4 Bxg4 18. Rdg1 Qd7 19. Rh4 Nf6 20. Nb3 Nxe4 21. Qh2 Nxc3+ 22. bxc3 Be5 23. Qf2 f5 24. Bd4 Qe6 25. Rgh1 Qf6 26. Qe3 Kf7 27. Rh7+ Ke8 28. Bxe5 Qxe5 29. Qxa7 Qxc3 30. Qxb7 Qxc2+ 31. Ka1 Qc3+ 32. Kb1 Bf3 33. Qxe7# 1-0

[Event "EU-ch U16 Girls 26th"]
[Site "Prague"]
[Date "2016.08.18"]
[Round "1"]
[White "Markova, Ralitca"]
[Black "Koridze, Lile"]
[Result "0-1"]
[WhiteElo "1581"]
[BlackElo "1937"]
[PlyCount "68"]
[EventDate "2016.08.18"]
[EventType "swiss"]
[EventRounds "9"]
[EventCountry "CZE"]
[SourceTitle "CBM 174 Extra"]
[Source "ChessBase"]
[SourceDate "2016.10.10"]
[SourceVersion "1"]
[SourceVersionDate "2016.10.10"]
[SourceQuality "1"]

1. e4 c5 2. Nf3 d6 3. d4 cxd4 4. Nxd4 Nf6 5. Nc3 Nc6 6. Bg5 e6 7. Qd2 Be7 8. 0-0-0 0-0 9. f3 Qb6 10. Be3 Qc7 11. Ndb5 Qa5 12. Qf2 d5 13. exd5 Nxd5 14. Nxd5 exd5 15. Kb1 Bf5 16. Nd4 Bg6 17. h4 Nxd4 18. Bxd4 Rac8 19. Bc3 Rxc3 20. bxc3 Bf6 21. Qd2 Qa3 22. Qe2 Qxc3 23. Kc1 Be7 24. Rxd5 Ba3+ 25. Kd1 Qa1+ 26. Kd2 Bc1+ 27. Ke1 Be3+ 28. Qd1 Qc3+ 29. Rd2 Rd8 30. Bd3 Bxd3 31. cxd3 Rxd3 32. Qe2 Rxd2 33. Kf1 Rxe2 34. Kxe2 Qd2+ 0-1